<?xml version="1.0" encoding="UTF-8"?>
<record
    xmlns:xsi="http://www.w3.org/2001/XMLSchema-instance"
    xsi:schemaLocation="http://www.loc.gov/MARC21/slim http://www.loc.gov/standards/marcxml/schema/MARC21slim.xsd"
    xmlns="http://www.loc.gov/MARC21/slim">

  <leader>00501nam a2200181Ia 4500</leader>
  <controlfield tag="008">230718s9999    xx            000 0 und d</controlfield>
  <datafield tag="020" ind1=" " ind2=" ">
    <subfield code="a">9789339219604</subfield>
  </datafield>
  <datafield tag="041" ind1=" " ind2=" ">
    <subfield code="a">eng</subfield>
  </datafield>
  <datafield tag="082" ind1=" " ind2=" ">
    <subfield code="a">621.319'2</subfield>
    <subfield code="b">SUD</subfield>
  </datafield>
  <datafield tag="100" ind1=" " ind2=" ">
    <subfield code="a">Sudhakar A.</subfield>
  </datafield>
  <datafield tag="245" ind1=" " ind2=" ">
    <subfield code="a">Circuits And Networks</subfield>
    <subfield code="b">Analysis And Synthesis</subfield>
  </datafield>
  <datafield tag="250" ind1=" " ind2=" ">
    <subfield code="a">5th ed.</subfield>
  </datafield>
  <datafield tag="260" ind1=" " ind2=" ">
    <subfield code="c">2018</subfield>
    <subfield code="b">McGraw Hill</subfield>
  </datafield>
  <datafield tag="300" ind1=" " ind2=" ">
    <subfield code="a">935</subfield>
  </datafield>
  <datafield tag="365" ind1=" " ind2=" ">
    <subfield code="c">Rs.</subfield>
    <subfield code="b">599.00</subfield>
  </datafield>
  <datafield tag="700" ind1=" " ind2=" ">
    <subfield code="a">Sudhakar A. &amp; Palli S.S.</subfield>
    <subfield code="9">187891</subfield>
  </datafield>
  <datafield tag="906" ind1=" " ind2=" ">
    <subfield code="d">O:0651616-Aug-2019B:561203-Aug-2019</subfield>
    <subfield code="c">SE</subfield>
    <subfield code="b">1174.04</subfield>
  </datafield>
  <datafield tag="999" ind1=" " ind2=" ">
    <subfield code="c">349977</subfield>
    <subfield code="d">349977</subfield>
  </datafield>
  <datafield tag="952" ind1=" " ind2=" ">
    <subfield code="0">0</subfield>
    <subfield code="1">0</subfield>
    <subfield code="4">0</subfield>
    <subfield code="7">0</subfield>
    <subfield code="a">CCEP</subfield>
    <subfield code="b">CCEP</subfield>
    <subfield code="d">2019-08-16</subfield>
    <subfield code="e">Om Book Stall</subfield>
    <subfield code="f">SE</subfield>
    <subfield code="g">431.28</subfield>
    <subfield code="i">5612</subfield>
    <subfield code="l">0</subfield>
    <subfield code="o">621.319'2</subfield>
    <subfield code="p">CCEP-BK-61184</subfield>
    <subfield code="r">2023-07-18 00:00:00</subfield>
    <subfield code="t">1174.04</subfield>
    <subfield code="v">599.00</subfield>
    <subfield code="w">2019-08-03</subfield>
    <subfield code="y">BK</subfield>
    <subfield code="z">061184</subfield>
  </datafield>
</record>
